|
|
|
|
| LEADER |
01268nam a2200349Ia 4500 |
| 001 |
EBC478622 |
| 003 |
MiAaPQ |
| 005 |
20200520144314.0 |
| 006 |
m o d | |
| 007 |
cr cn||||||||| |
| 008 |
090505s2009 bccabc sb 001 0 eng d |
| 020 |
|
|
|z 9780865716568
|
| 020 |
|
|
|z 0865716560
|
| 035 |
|
|
|a (MiAaPQ)EBC478622
|
| 035 |
|
|
|a (Au-PeEL)EBL478622
|
| 035 |
|
|
|a (CaPaEBR)ebr10464398
|
| 035 |
|
|
|a (OCoLC)471124809
|
| 040 |
|
|
|a MiAaPQ
|c MiAaPQ
|d MiAaPQ
|
| 050 |
|
4 |
|a HD9540.5
|b .H52 2009
|
| 100 |
1 |
|
|a Heinberg, Richard.
|
| 245 |
1 |
0 |
|a Blackout
|h [electronic resource] :
|b coal, climate and the last energy crisis /
|c Richard Heinberg.
|
| 260 |
|
|
|a Gabriola Island, BC :
|b New Society,
|c 2009.
|
| 300 |
|
|
|a vi, 201 p. :
|b ill., port., maps.
|
| 504 |
|
|
|a Includes bibliographical references (p. 183-190) and index.
|
| 533 |
|
|
|a Electronic reproduction. Ann Arbor, MI : ProQuest, 2015. Available via World Wide Web. Access may be limited to ProQuest affiliated libraries.
|
| 650 |
|
0 |
|a Coal.
|
| 650 |
|
0 |
|a Coal
|x Environmental aspects.
|
| 650 |
|
0 |
|a Coal trade.
|
| 650 |
|
0 |
|a Electric power.
|
| 655 |
|
4 |
|a Electronic books.
|
| 710 |
2 |
|
|a ProQuest (Firm)
|
| 856 |
4 |
0 |
|u https://ebookcentral.proquest.com/lib/matrademy/detail.action?docID=478622
|z Click to View
|